000 00262nam a22001217a 4500
008 170920b xxu||||| |||| 00| 0 eng d
041 _aeng
080 _a7
100 _a45
101 _aART
245 _aTIME FRAME 1500 600
_cROBERTS.J
942 _2udc
_cBK
999 _c28431
_d28431